000 00342 a2200169 4500
001 185099
020 _a85-08-04174-8
040 _cMagnum
100 _aSabino, Fernando
240 1 0 _aO bom ladrão
_lpor
245 1 0 _aO bom ladrão
300 _a88
362 0 _a1994
440 1 _aÁtica
697 _aLITERATURA GERAL
942 _cBK
999 _c185099
_d185099